Statistics for Countries that border ASEAN

Click here to take the quiz!

General Stats

  • This quiz has been taken 14 times
  • The average score is 5 of 5

Answer Stats

Answer % Correct
India
100%
China
100%
Papua New Guinea
100%
Timor Leste
93%
Bangladesh
86%

Score Distribution

Percentile by Number Answered

Percent of People with Each Score

Your Score History

You have not taken this quiz